01543nam a2200385Ia 4500001001200000003000800012006001900020007001500039008004100054010001700095020001500112020001500127020001800142020001800160020001800178040002100196035002100217050002700238082001600265100002400281245013500305260005100440300002500491490005900516504005100575533015200626650004200778650004300820650004500863655002900908710001700937830006000954856012601014999001701140ebr10568910CaPaEBRm u cr cn|||||||||111024s2012 gaua sb s001 0 eng d z 2011043748 z082034303X z0820343048 z9780820343037 z9780820343044 z9780820343723 aCaPaEBRcCaPaEBR a(OCoLC)79443467314aJC574.2.U6bH33 2012eb04a361.9732231 aHackworth, Jason R.10aFaith basedh[electronic resource] :breligious neoliberalism and the politics of welfare in the United States /cJason Hackworth. aAthens :bUniversity of Georgia Press,cc2012. axiii, 172 p. :bill.1 aGeographies of justice and social transformation ;v11 aIncludes bibliographical references and index. aElectronic reproduction.bPalo Alto, Calif. :cebrary,d2013.nAvailable via World Wide Web.nAccess may be limited to ebrary affiliated libraries. 0aConservatismzUnited StatesxHistory. 0aNeoliberalismzUnited StatesxHistory. 0aReligious rightzUnited StatesxHistory. 7aElectronic books.2local2 aebrary, Inc. 0aGeographies of justice and social transformation ;v11.40uhttp://site.ebrary.com/lib/rucke/Doc?id=10568910zAn electronic book accessible through the World Wide Web; click to view c81816d81816